Soft clay engineering / (Record no. 546347)
[ view plain ]
| 000 -LEADER | |
|---|---|
| fixed length control field | 00635cam a2200169 i 4500 |
| 020 ## - INTERNATIONAL STANDARD BOOK NUMBER | |
| International Standard Book Number | 0444417842 |
| 082 00 - DEWEY DECIMAL CLASSIFICATION NUMBER | |
| Classification number | 624/.1513 |
| Author Mark | SOF |
| -- | L-37, P-26 |
| 245 00 - TITLE STATEMENT | |
| Title | Soft clay engineering / |
| Statement of responsibility, etc. | edited by Edward William Brand and Rolf Peter Brenner. |
| 260 ## - PUBLICATION, DISTRIBUTION, ETC. | |
| Place of publication, distribution, etc. | Amsterdam ; |
| -- | New York : |
| Name of publisher, distributor, etc. | Elsevier Scientific Pub. Co. ; |
| Place of publication, distribution, etc. | New York : |
| Name of publisher, distributor, etc. | distributors for the U.S. and Canada, Elsevier/North-Holland, |
| Date of publication, distribution, etc. | 1981. |
| 300 ## - PHYSICAL DESCRIPTION | |
| Extent | 779 p. : |
| Other physical details | ill. ; |
| Dimensions | 25 cm. |
| 526 ## - STUDY PROGRAM INFORMATION NOTE | |
| Program name | 0 |
| Interest level | 0 |
| Reading level | 0 |
| Title point value | 624_151300000000000_SOF |
| 650 #0 - SUBJECT ADDED ENTRY--TOPICAL TERM | |
| Topical term or geographic name entry element | Clay. |
| 9 (RLIN) | 42076 |
| 650 #0 - SUBJECT ADDED ENTRY--TOPICAL TERM | |
| Topical term or geographic name entry element | Engineering geology. |
| 700 1# - ADDED ENTRY--PERSONAL NAME | |
| Personal name | Brand, Edward W. |
| 9 (RLIN) | 42462 |
| 700 1# - ADDED ENTRY--PERSONAL NAME | |
| Personal name | Brenner, R. P. |
| 9 (RLIN) | 42463 |
| 942 ## - ADDED ENTRY ELEMENTS (KOHA) | |
| Source of classification or shelving scheme | |
| Koha item type | Book |
| Withdrawn status | Lost status | Source of classification or shelving scheme | Damaged status | Not for loan | Permanent Location | Current Location | Date acquired | Total Checkouts | Full call number | Barcode | Date last seen | Price effective from | Koha item type |
|---|---|---|---|---|---|---|---|---|---|---|---|---|---|
| Military College of Engineering (MCE) | Military College of Engineering (MCE) | 06/10/2014 | 624/.1513 SOF | MCE-28719 | 06/10/2014 | 06/10/2014 | Book |
